Statistics for Continentally Dominant

Click here to take the quiz!

General Stats

  • This quiz has been taken 40 times
  • The average score is 23 of 26

Answer Stats

%Answer% Correct
59.82Australia
100%
9.90Germany
100%
49.36Brazil
100%
31.35China
100%
29.72India
100%
17.16Russia
100%
7.21Italy
97%
7.62UK
97%
7.88France
97%
56.58USA
97%
10.41Argentina
97%
21.31Mexico
97%
6.31Canada
92%
11.51New Zealand
92%
15.98Nigeria
92%
5.84Indonesia
92%
5.54Spain
92%
11.64Colombia
89%
7.68Egypt
89%
7.52Peru
81%
7.39Venezuela
81%
6.70Democratic Republic Of The Congo
78%
5.10Ukraine
72%
7.81Ethiopia
72%
9.62Turkey
67%
20.67Papua New Guinea
64%

Score Distribution

Percentile by Number Answered

Percent of People with Each Score

Your Score History

You have not taken this quiz